Представление документа в формате RUSMARC

ПолеНазваниеЗначение
  Тип записи c
  Библиографический уровень m
001 Контрольный номер RU/УОНБ/EK_N/614871705
005 Дата корректировки 20250520124529.9
010 Индекс ISBN __
9 Тираж 4500 экз.
013 Номер (ISMN) __
d Цена 20 к.
071 Издательские номер (звукозапись и ноты) 21
a Номер, присвоенный агентством 30745
100 Данные общей обработки __
a Данные общей обработки 20190626d1968 u y0rusy0189||||ca
101 Язык документа 0_
a Язык текста rus
f Язык титульного листа rus
102 Страна публикации __
a Страна публикации RU
105 Кодированные данные (монография) __
a Кодированные данные (монография) y###||||000|y
125 Кодированные данные звукозаписи и нотных изданий __
a Форма изложения нотного текста с|
128 Кодированные данные (звукозаписи-физические характеристики) __
a Кодированные данные: Музыкальная форма и тональность или лад st
c Инструменты или голоса, рекомендуемые для солистов (устаревшее) ka||
200 Заглавие и сведения об ответственности 1_
a Заглавие Три этюда
b Общее обозначение материала Ноты
e Сведения, относящиеся к заглавию для фп.
e Сведения, относящиеся к заглавию соч. 104
e Сведения, относящиеся к заглавию тетр. 2
f Первые сведения об ответственности Ф. Мендельсон
g Последующие сведения об ответственности ред. Л. Г. Лукомского
210 Выходные данные 1_
a Место издания Москва
c Издательство Музгиз
d Дата издания 1968
215 Физическое описание __
a Объем 18 с.
d Формат 29 см
225 Серия 1_
a Серия Педагогический репертуар музыкального училища для фортепиано
e Сведения, относящиеся к заглавию серии 3 к.
512 Заглавие обложки 1_
a Заглавие обложки Три этюда
600 Персоналии _1
a Персоналии (Фамилия) Мендельсон, Феликс
606 Тематические рубрики 0_
a Основная рубрика Фортепианная музыка зарубежная
x Основная подрубрика Этюды
x Основная подрубрика Педагогический репертуар
610 Ключевые слова 0_
a Ключевые слова фортепиано
610 Ключевые слова 0_
a Ключевые слова этюды
610 Ключевые слова 0_
a Ключевые слова педагогический репертуар музыкальных училищ
610 Ключевые слова 0_
a Ключевые слова Мендельсон Ф.
686 Индексы других классификаций __
a Классификационный индекс 85.954.294(3)
2 Код системы rubbk
700 Автор _1
a Фамилия Мендельсон
b Имя (инициалы) Ф.
g Полное личное имя Феликс
702 Вторичная интеллектуальная ответственность _1
a Фамилия Лукомский
b Имя (инициалы) Л. Г.
4 Код отношения 340
801 Источник записи _0
a Страна RU
b Организация Ульяновская ОНБ
c Дата составления 20190626
g Правила каталогизации RCR
801 Источник записи _1
a Страна RU
b Организация Ульяновская ОНБ
c Дата составления 20190626
g Правила каталогизации RCR
901 Тип документа __
t Тип документа m
909 Создатель записи __
a Создатель записи Лобина Л. И.
938 Служебная информация __
a Имя БД noti
b Имя библиотеки УОНБ
c Имя АИБС МАРК-SQL
d Номер DOC_ID в БД 20772